Marketing management / (Record no. 344571)
[ view plain ]
| 000 -LEADER | |
|---|---|
| fixed length control field | 00978 a2200229 4500 |
| 003 - CONTROL NUMBER IDENTIFIER | |
| control field | OSt |
| 005 - DATE AND TIME OF LATEST TRANSACTION | |
| control field | 20180116182716.0 |
| 008 - FIXED-LENGTH DATA ELEMENTS--GENERAL INFORMATION | |
| fixed length control field | 160526b xxu||||| |||| 00| 0 eng d |
| 020 ## - INTERNATIONAL STANDARD BOOK NUMBER | |
| International Standard Book Number | 0071123075 |
| 020 ## - INTERNATIONAL STANDARD BOOK NUMBER | |
| International Standard Book Number | 9780071123075 |
| 040 ## - CATALOGING SOURCE | |
| Transcribing agency | 0 |
| 082 ## - DEWEY DECIMAL CLASSIFICATION NUMBER | |
| Classification number | 658.8 BOY 2002 |
| 100 1# - MAIN ENTRY--PERSONAL NAME | |
| Personal name | Boyd. |
| 245 10 - TITLE STATEMENT | |
| Title | Marketing management / |
| Statement of responsibility, etc. | Boyd. |
| 260 ## - PUBLICATION, DISTRIBUTION, ETC. | |
| Place of publication, distribution, etc. | [S.l.] : |
| Name of publisher, distributor, etc. | McGraw-Hill Education, |
| Date of publication, distribution, etc. | 2002 |
| 300 ## - PHYSICAL DESCRIPTION | |
| Extent | 1 v. (unpaged) |
| 500 ## - GENERAL NOTE | |
| General note | Paperback. |
| 520 ## - SUMMARY, ETC. | |
| Summary, etc. | This text in marketing management includes expanded coverage of global examples and the uses of technology including the Internet, secondary data sources and marketing services. An international case can be found at the end of the book and used with or without the free GAMAR3 software. |
| 856 40 - ELECTRONIC LOCATION AND ACCESS | |
| Materials specified | Amazon.com |
| Uniform Resource Identifier | <a href="http://www.amazon.com/exec/obidos/ASIN/0071123075/chopaconline-20">http://www.amazon.com/exec/obidos/ASIN/0071123075/chopaconline-20</a> |
| 856 40 - ELECTRONIC LOCATION AND ACCESS | |
| Materials specified | Amazon customer reviews |
| Uniform Resource Identifier | <a href="http://www.chopac.org/cgi-bin/tools/azrev.pl?q=0071123075">http://www.chopac.org/cgi-bin/tools/azrev.pl?q=0071123075</a> |
| 942 ## - ADDED ENTRY ELEMENTS (KOHA) | |
| Institution code [OBSOLETE] | NBS |
| Koha item type | Book |
| Call number prefix | 658.8 BOY |
| Source of classification or shelving scheme | |
| Withdrawn status | Lost status | Damaged status | Not for loan | Permanent Location | Current Location | Date acquired | Total Checkouts | Full call number | Barcode | Date last seen | Date last checked out | Price effective from | Koha item type | Source of classification or shelving scheme | Collection code | Shelving location |
|---|---|---|---|---|---|---|---|---|---|---|---|---|---|---|---|---|
| Central Library (CL) | Central Library (CL) | 08/28/2013 | 1 | 658.8 BOY | NBSD-319 | 08/25/2023 | 10/15/2020 | 08/28/2013 | Book | |||||||
| Central Library (CL) | Central Library (CL) | 08/28/2013 | 658.8 BOY | NBS5270 | 08/28/2013 | 08/28/2013 | Book | |||||||||
| Central Library (CL) | Central Library (CL) | 08/17/2015 | 658.8 BOY | NBS4962 | 08/17/2015 | 08/17/2015 | Book | General Stacks |
